INORGANIC PHARMACEUTICAL CHEMISTRY (Record no. 6907)

MARC details
000 -LEADER
fixed length control field 00461nam a22001697a 4500
005 - DATE AND TIME OF LATEST TRANSACTION
control field 20230119113654.0
008 - FIXED-LENGTH DATA ELEMENTS--GENERAL INFORMATION
fixed length control field 200607b xxu||||| |||| 00| 0 eng d
020 ## - INTERNATIONAL STANDARD BOOK NUMBER
ISBN 81-86270-74-4
041 ## - LANGUAGE CODE
Language code of text/sound track or separate title eng
082 ## - DEWEY DECIMAL CLASSIFICATION NUMBER
Classification number 615.19
100 ## - MAIN ENTRY--AUTHOR NAME
Personal name SIDDIQUI, DR, ANEES AHMAD AND WANI, SACHIN M.
245 ## - TITLE STATEMENT
Title INORGANIC PHARMACEUTICAL CHEMISTRY
260 ## - PUBLICATION, DISTRIBUTION, ETC. (IMPRINT)
Place of publication DELHI
Name of publisher BIRLA PUBLICATION PVT, LTD.
300 ## - PHYSICAL DESCRIPTION
Number of Pages 264;p
650 ## - SUBJECT ADDED ENTRY--TOPICAL TERM
Topical Term OHARMACY
General subdivision B.PHARMA
942 ## - ADDED ENTRY ELEMENTS (KOHA)
Koha item type Books
Holdings
Lost status Damaged status Collection code Home library Current library Shelving location Date acquired Source of acquisition Cost, normal purchase price Full call number Accession Number Koha item type
    PHARMACY JRU Library JRU Library SHELF-17-E 19/06/2020 PURCHESS 350.00 615.19 23933 Books